000 00763nam a22002537a 4500
005 20140310183638.0
008 131212b xxu||||| |||| 00| 0 eng d
020 _a9780078097867
050 _aLB 1051
_b.B46395 2012
100 _aBoblin, Lisa.
245 _aEdPsych :
_bmodules /
_cLisa Bohlin, Cheryl Cisero Durwin, Marla Reese-Weber.
250 _a3rd ed.
260 _aNew York :
_bMcGraw-Hill,
_c2012.
300 _a674 p. :
_bcol. ill. ;
_c28 cm.
504 _aIncludes Bibliographic References and Index.
521 _aPSYCH
650 _aEducational psychology.
650 _aChild development.
650 _aLearning.
700 _aDurwin, Cheryl Cisero.
700 _aReese-Weber, Marla.
942 _2lcc
_cBK
_kFOR
999 _c25757
_d25757